[Event "Challenge"]
[Site "http://www.queenalice.com/game.php?id=824211"]
[Date "2010.8.27"]
[Round "-"]
[White "EdoVillarroel"]
[Black "FRANKENSTEIN_"]
[Result "1-0"]
[WhiteElo "1955"]
[BlackElo "1514"]

1. e4 e5 2. Nf3 Nc6 3. d4 exd4 4. Nxd4 Qf6 5. c3 Nge7 6. Be3 d6 7. Bc4 Be6 8.
Nd2 a6 9. O-O g6 10. f4 Bg7 11. N2f3 Nxd4 12. Bxd4 Qxf4 13. Bxe6 Bxd4+ 14. Nxd4
Qe3+ 15. Kh1 fxe6 16. Nxe6 Kd7 17. Qg4 Kc6 18. Rfe1 Qf2 19. e5 d5 20. Nd4+ Kb6
21. Qe6+ Nc6 22. Nxc6 bxc6 23. Rf1 Qc5 24. b4 Qxc3 25. Rac1 Rae8 26. Qd7 Rd8 27.
Rxc3 Rxd7 28. Rf6 Kb5 29. Rcxc6 Kxb4 30. Rxa6 Re7 31. a3+ Kb3 32. e6 Rb8 33. Rf7
Rxf7 34. exf7 c5 35. Rb6+ 1-0

[Event "Challenge"]
[Site "http://www.queenalice.com/game.php?id=824212"]
[Date "2010.8.27"]
[Round "-"]
[White "FRANKENSTEIN_"]
[Black "EdoVillarroel"]
[Result "0-1"]
[WhiteElo "1555"]
[BlackElo "1954"]

1. e4 e6 2. d4 d5 3. exd5 exd5 4. Be3 Nf6 5. Nf3 Bd6 6. Bd3 b6 7. O-O Bb7 8.
Nbd2 O-O 9. Bg5 h6 10. Bh4 c5 11. dxc5 bxc5 12. Bxf6 Qxf6 13. c3 Re8 14. Re1 Nd7
15. Qb3 Rab8 16. Qc2 Ne5 17. Nxe5 Rxe5 18. Nf3 Rh5 19. h3 d4 20. cxd4 Bxf3 21.
gxf3 Qxf3 22. Re3 Rg5+ 0-1

[Event "Challenge"]
[Site "http://www.queenalice.com/game.php?id=826372"]
[Date "2010.9.1"]
[Round "-"]
[White "Pabl"]
[Black "FRANKENSTEIN_"]
[Result "1-0"]
[WhiteElo "1505"]
[BlackElo "1593"]

1. e4 e5 2. Nf3 Nc6 3. Bb5 d6 4. O-O Bd7 5. d4 Nxd4 6. Bxd7+ Qxd7 7. Nxd4 Nf6 8.
Nc3 g6 9. Nf3 Bg7 10. Ng5 O-O 11. Qf3 c6 12. Qh3 Qe7 13. Rd1 Rad8 14. Rd5 cxd5
15. Nxd5 1-0

[Event "Challenge"]
[Site "http://www.queenalice.com/game.php?id=826373"]
[Date "2010.9.1"]
[Round "-"]
[White "FRANKENSTEIN_"]
[Black "Pabl"]
[Result "0-1"]
[WhiteElo "1573"]
[BlackElo "1525"]

1. d4 d5 2. c4 dxc4 3. e4 f5 4. e5 Nc6 5. Bxc4 Nxd4 6. Be3 c5 7. Ne2 Nxe2 8.
Qxe2 Qa5+ 9. Bd2 Qb6 10. Bc3 Nh6 11. O-O Ng4 12. h3 Nh6 13. Qh5+ g6 14. Qe2 e6
0-1

[Event "Challenge"]
[Site "http://www.queenalice.com/game.php?id=827800"]
[Date "2010.9.4"]
[Round "-"]
[White "toniteacher"]
[Black "FRANKENSTEIN_"]
[Result "1-0"]
[WhiteElo "1623"]
[BlackElo "1549"]

1. Nf3 d5 2. d4 Bg4 3. e3 Nf6 4. Be2 Nc6 5. a3 e6 6. O-O Bd6 7. Nbd2 O-O 8. Ng5
Bxe2 9. Qxe2 h6 10. Nh3 Ne7 11. f3 Ng6 12. e4 dxe4 13. fxe4 e5 14. dxe5 Nxe5 15.
Nf3 Nfg4 16. Nxe5 Nxe5 17. Bf4 Re8 18. Qh5 Ng6 19. Bxd6 Qxd6 20. Rae1 Qd2 21.
Qf3 Ne5 22. Qb3 b6 23. Nf4 Kh7 24. Re2 Qd6 25. Qg3 g6 26. Nd3 f6 27. Ref2 Rf8
28. Nf4 c5 29. Nxg6 Nf3+ 30. Rxf3 Qxg3 31. Rxg3 Rg8 32. Rxf6 Rad8 33. Rf7+ Rg7
34. Nf8+ 1-0

[Event "TIGRAO EH OH! TIGRAO EH OH! V"]
[Site "http://www.queenalice.com/game.php?id=829641"]
[Date "2010.9.8"]
[Round "-"]
[White "rogeriooliveira"]
[Black "FRANKENSTEIN_"]
[Result "1-0"]
[WhiteElo "1596"]
[BlackElo "1624"]

1. e4 e5 2. d4 f6 3. d5 c6 4. dxc6 bxc6 5. Nf3 Bc5 6. Be3 Bxe3 7. fxe3 Ne7 8.
Bc4 d5 9. exd5 cxd5 10. Bb5+ Bd7 11. Bxd7+ Nxd7 12. O-O 1-0

[Event "Frank, you're better than that!"]
[Site "http://www.queenalice.com/game.php?id=834690"]
[Date "2010.9.18"]
[Round "-"]
[White "FRANKENSTEIN_"]
[Black "toniteacher"]
[Result "1-0"]
[WhiteElo "1544"]
[BlackElo "1701"]

1. e4 Nc6 2. d4 e6 3. Bb5 Nge7 4. Nf3 a6 5. Bxc6 Nxc6 6. Nc3 Bb4 7. Bd2 O-O 8.
O-O b5 9. Ne2 Bb7 10. d5 Bxd2 11. dxc6 Bxc6 12. Nxd2 d5 13. exd5 Bxd5 14. Nf4
Bc6 15. Nb3 Qg5 16. g3 Rad8 17. Nd3 f5 18. Qe2 Rfe8 19. Nbc5 e5 20. Nxa6 e4 21.
Nf4 Re5 22. Nxc7 Rd7 23. Nce6 Qh6 24. Qh5 Qxh5 25. Nxh5 Rxe6 26. Rad1 Rxd1 27.
Rxd1 h6 28. Nf4 Re5 29. b3 Rc5 30. Rd2 b4 31. Ne6 Ra5 32. Rd6 Be8 33. Rb6 Rxa2
34. Nd4 Ra1+ 35. Kg2 Ra5 36. Rxb4 Bh5 37. c4 Ra6 38. c5 Rg6 39. c6 Bf3+ 40. Nxf3
exf3+ 41. Kxf3 Rxc6 42. Kf4 Rc2 43. Kf3 g5 44. Rb7 Rc3+ 45. Kg2 Rc6 46. b4 f4
47. b5 Rg6 48. Rc7 g4 49. gxf4 h5 50. Rc6 Rg7 51. b6 h4 52. Rc7 Rg6 53. b7 1-0

[Event "another one"]
[Site "http://www.queenalice.com/game.php?id=835593"]
[Date "2010.9.21"]
[Round "-"]
[White "FRANKENSTEIN_"]
[Black "Strogonoff"]
[Result "0-1"]
[WhiteElo "1519"]
[BlackElo "1799"]

1. d4 g6 2. e4 d6 3. Nc3 Bg7 4. Nf3 Nf6 5. Bc4 O-O 6. O-O Bg4 7. h3 Bxf3 8. Qxf3
Nc6 9. Be3 e5 10. d5 Na5 11. Bd3 b6 12. Qg3 c5 13. dxc6 Nxc6 14. Bg5 Nd4 15.
Bxf6 Qxf6 16. Nd5 Qd8 17. c3 Ne6 18. f4 exf4 19. Nxf4 Qc7 20. Nxe6 fxe6 21.
Rxf8+ Rxf8 0-1

[Event "Feel the taste of my revenge!"]
[Site "http://www.queenalice.com/game.php?id=841611"]
[Date "2010.10.4"]
[Round "-"]
[White "toniteacher"]
[Black "FRANKENSTEIN_"]
[Result "0-1"]
[WhiteElo "1679"]
[BlackElo "1566"]

1. Nf3 d5 2. d4 Nc6 3. Nc3 Nf6 4. e3 Bg4 5. Be2 Bxf3 6. Bxf3 e5 7. dxe5 Nxe5 8.
O-O Bb4 9. a3 Bxc3 10. bxc3 O-O 11. Bb2 Nc4 12. Qc1 c6 13. Rd1 Nxb2 14. Qxb2 b5
15. Qb4 Re8 16. a4 a5 17. Qc5 Rc8 18. axb5 cxb5 19. Qxb5 Rxc3 20. Bxd5 Nxd5 21.
Rxd5 Qe7 22. Qxa5 Rxc2 23. Rad1 Qf6 24. Rf5 Qb2 25. Qd5 Rf8 26. h4 Rc1 27. h5
Qc2 28. Rxc1 Qxc1+ 29. Kh2 Qc2 30. Qf3 g6 31. hxg6 hxg6 32. Rg5 Kg7 33. Qg3 Rh8+
0-1

[Event "Challenge"]
[Site "http://www.queenalice.com/game.php?id=841908"]
[Date "2010.10.5"]
[Round "-"]
[White "Mulder"]
[Black "FRANKENSTEIN_"]
[Result "0-1"]
[WhiteElo "1460"]
[BlackElo "1628"]

1. e4 e5 2. Nf3 Nc6 3. Nc3 Nf6 4. d4 exd4 5. Nxd4 Nxd4 6. Qxd4 d6 7. Bf4 Be6 8.
e5 Nh5 9. O-O-O Be7 10. g4 Nxf4 11. Qxf4 Bg5 12. Qxg5 Qxg5+ 13. Kb1 dxe5 14. f3
Rd8 15. Bd3 c5 16. b3 a6 17. Rhe1 O-O 18. Ne4 Qe7 19. c4 Rd7 20. Ng5 Qxg5 21. h4
Qf4 22. Rf1 Rfd8 23. Kc2 Qh2+ 24. Kc1 Rxd3 25. Rxd3 Rxd3 26. Rd1 Rxd1+ 27. Kxd1
Qxa2 28. g5 b5 29. Ke1 bxc4 30. bxc4 Bxc4 0-1

[Event "Challenge"]
[Site "http://www.queenalice.com/game.php?id=841910"]
[Date "2010.10.5"]
[Round "-"]
[White "FRANKENSTEIN_"]
[Black "Mulder"]
[Result "1-0"]
[WhiteElo "1587"]
[BlackElo "1456"]

1. e4 e5 2. Nf3 Nf6 3. Nc3 Nc6 4. Bb5 Bb4 5. Bxc6 dxc6 6. a3 Bxc3 7. bxc3 Nxe4
8. Bb2 Bf5 9. d3 Nc5 10. Nxe5 Na4 11. Qf3 Qf6 12. Nc4 O-O 13. O-O b5 14. Ne3
Nxb2 15. Nxf5 Rae8 16. Rfe1 g6 17. Ne7+ Rxe7 18. Qxf6 Re6 19. Rxe6 fxe6 20.
Qxe6+ Kg7 21. Qxc6 Rf6 22. Qxb5 Rb6 23. Qd7+ Kh6 24. Qxc7 Na4 25. Qxa7 1-0

[Event "Challenge"]
[Site "http://www.queenalice.com/game.php?id=844249"]
[Date "2010.10.11"]
[Round "-"]
[White "SamuraiX13"]
[Black "FRANKENSTEIN_"]
[Result "0-1"]
[WhiteElo "1682"]
[BlackElo "1609"]

1. e4 e5 2. Nf3 Nc6 3. Nc3 Nf6 4. d3 d5 5. Bg5 Be7 6. exd5 Nxd5 7. Bxe7 Ndxe7 8.
Qd2 O-O 9. h4 Bg4 10. Ng5 h6 11. Nge4 f5 12. Nc5 Qc8 13. h5 f4 14. Be2 b6 15.
N5e4 Nd4 16. f3 Bf5 17. g4 Bxe4 18. dxe4 Qd7 19. g5 hxg5 20. h6 gxh6 21. Rxh6
Kg7 22. Rh5 Kg6 23. Rh2 Rh8 24. Rg2 Qh3 25. Bf1 Nxf3+ 26. Kd1 Nxd2 27. Rxg5+
Kxg5 28. Bxh3 Rxh3 29. Kxd2 Rd8+ 30. Ke2 Kg4 0-1

[Event "Challenge"]
[Site "http://www.queenalice.com/game.php?id=845368"]
[Date "2010.10.13"]
[Round "-"]
[White "genethetrucker"]
[Black "FRANKENSTEIN_"]
[Result "1-0"]
[WhiteElo "1609"]
[BlackElo "1679"]

1. d4 d5 2. c4 e6 3. e3 Nf6 4. Bd2 Nc6 5. Nf3 dxc4 6. Bxc4 Bb4 7. Nc3 O-O 8. a3
Bxc3 9. Bxc3 Re8 10. O-O b6 11. Rc1 Bb7 12. Qd3 Ne7 13. Ba6 Bxf3 14. gxf3 Ng6
15. Kh1 Nh4 16. e4 Nh5 17. Bd2 Qf6 18. e5 Qxf3+ 19. Qxf3 Nxf3 20. Bb4 Nxd4 21.
Rxc7 h6 22. Rfc1 f6 23. exf6 Nxf6 24. Bc3 Nb3 25. Re1 Nc5 26. Bxf6 gxf6 27. Bb5
Rec8 28. Rg1+ Kh8 29. Rf7 1-0

[Event "Challenge"]
[Site "http://www.queenalice.com/game.php?id=845370"]
[Date "2010.10.13"]
[Round "-"]
[White "genethetrucker"]
[Black "FRANKENSTEIN_"]
[Result "1-0"]
[WhiteElo "1628"]
[BlackElo "1660"]

1. e4 e5 2. Nf3 Nc6 3. Bc4 Nf6 4. d3 d5 5. exd5 Nxd5 6. Bd2 Bg4 7. Nc3 Nxc3 8.
Bxc3 Bd6 9. O-O O-O 10. Qe2 Qf6 11. h3 Bxf3 12. gxf3 Qf4 13. Qe3 Qh4 14. Qe4
Qxh3 15. Qg4 Qh6 16. Kg2 e4 17. Rh1 exf3+ 18. Qxf3 Qg5+ 19. Kf1 Ne5 20. Qxb7
Nxc4 21. dxc4 Qf5 22. Rg1 Be5 23. Bxe5 Qxe5 24. c3 Rfe8 25. Qd5 Qe2+ 26. Kg2
Qxb2 27. Qd4 Re6 28. Rad1 h6 29. Kh1 1-0

[Event "Challenge"]
[Site "http://www.queenalice.com/game.php?id=849298"]
[Date "2010.10.22"]
[Round "-"]
[White "FRANKENSTEIN_"]
[Black "toniteacher"]
[Result "1-0"]
[WhiteElo "1637"]
[BlackElo "1670"]

1. e4 c5 2. Nf3 Nc6 3. d4 cxd4 4. Nxd4 e6 5. Bb5 Bc5 6. Nxc6 bxc6 7. Bd3 Qf6 8.
O-O Ne7 9. Nc3 O-O 10. Qh5 Ng6 11. Qxc5 Nf4 12. Bxf4 Qxf4 13. Ne2 Qh6 14. f4 f5
15. exf5 exf5 16. Ng3 1-0

[Event "Ibiraquera"]
[Site "http://www.queenalice.com/game.php?id=852685"]
[Date "2010.10.30"]
[Round "-"]
[White "toniteacher"]
[Black "FRANKENSTEIN_"]
[Result "0-1"]
[WhiteElo "1764"]
[BlackElo "1673"]

1. Nf3 d5 2. d4 Bg4 3. e3 Nf6 4. Nc3 Ne4 5. Be2 Nxc3 6. bxc3 Bxf3 7. Bxf3 e6 8.
O-O Bd6 9. e4 c6 10. e5 Be7 11. a4 O-O 12. Qd3 Nd7 13. Bb2 f6 14. c4 fxe5 15.
dxe5 Bc5 16. Rfe1 Qg5 17. cxd5 cxd5 18. c4 Nb6 19. cxd5 Nxd5 20. Bc1 Qh4 21. g3
Qe7 22. Re2 Rad8 23. Be4 Nf4 24. Bxh7+ Kh8 0-1